Post conflict Sri Lanka: (Record no. 4154)

MARC details
000 -LEADER
fixed length control field 00870nam a2200229 4500
003 - CONTROL NUMBER IDENTIFIER
control field LK-CoMWRAF
008 - FIXED-LENGTH DATA ELEMENTS--GENERAL INFORMATION
fixed length control field 231119b2012 |||||||| |||| 00| 0 eng d
020 ## - INTERNATIONAL STANDARD BOOK NUMBER
International Standard Book Number 9789381411322
040 ## - CATALOGING SOURCE
Original cataloging agency LK-CoMWRAF
Modifying agency LK-CoMWRAF
Description conventions LK-CoMWRAF
041 ## - LANGUAGE CODE
Language code of text/sound track or separate title English
082 ## - DEWEY DECIMAL CLASSIFICATION NUMBER
Classification number 320.5409
Item number POS
942 ## - ADDED ENTRY ELEMENTS (KOHA)
Koha item type Conference Proceeding
111 ## - MAIN ENTRY--MEETING NAME
Meeting name or jurisdiction name as entry element SEMINAR ON 'POST CONFLICT SRI LANKA:REBUILDING OF THE SOCIETY'
Location of meeting (Colombo)
700 ## - ADDED ENTRY--PERSONAL NAME
Personal name Raghavan, V. R.
relator term editor
245 ## - TITLE STATEMENT
Title Post conflict Sri Lanka:
Remainder of title rebuilding of the society
260 ## - PUBLICATION, DISTRIBUTION, ETC. (IMPRINT)
Place of publication, distribution, etc. New Delhi:
Name of publisher, distributor, etc. Vij Books India,
Date of publication, distribution, etc. 2012
300 ## - PHYSICAL DESCRIPTION
Extent xii, 194 p., [4] p. of plates : col. ill. ; 25 cm.
650 ## - SUBJECT ADDED ENTRY--TOPICAL TERM
Topical term or geographic name as entry element Sri Lanka--Politics and government--21st century--Congresses
650 ## - SUBJECT ADDED ENTRY--TOPICAL TERM
Topical term or geographic name as entry element Sri Lanka--Social conditions--21st century
650 ## - SUBJECT ADDED ENTRY--TOPICAL TERM
Topical term or geographic name as entry element Sri Lanka--Economic conditions--21st century
650 ## - SUBJECT ADDED ENTRY--TOPICAL TERM
Topical term or geographic name as entry element Sri Lanka--Ethnic relations--Political aspects--21st century
Holdings
Withdrawn status Lost status Damaged status Not for loan Permanent Location Current Location Date acquired Full call number Barcode Koha item type
        Resource center, Muslim Women's Research And Action Forum Resource center, Muslim Women's Research And Action Forum 2023-11-19 320.5409 POS RAF3062 Conference Proceeding

Copyright © 2023 Muslim Women's Research and Action Forum (MWRAF), No 27/3, Anderson Road, Kalubowila, Dehiwela. Funded by The Asia Fundation